William Who? Quiz Stats

 Plays Quiz Updated Oct 16, 2018

Score 0/15 Timer 05:00
7 Plays Today
% Correct
Bill Murray
93.4%
Will Ferrell
88%
Billy Crystal
86.7%
William Shatner
83.3%
Billy Dee Williams
82.2%
William H. Macy
82%
Willem Dafoe
81.4%
Bill Nighy
73.8%
% Correct
Bill Pullman
71.4%
Bill Bixby
69.6%
Billy Zane
67%
William Fichtner
60%
Bill Duke
59.8%
Bill Paxton
55.5%
William Hurt
48.1%

You're not logged in!

Compare scores with friends on all Sporcle quizzes.
OR
Log In

Sporcle TV

Today on Sporcle TV


Watch our educational content, quiz creation guides, and fun videos on Sporcle TV.

Show Comments

Extras

Top Quizzes Today


Score Distribution

Your Account Isn't Verified!

In order to create a playlist on Sporcle, you need to verify the email address you used during registration. Go to your Sporcle Settings to finish the process.

Report this User

Report this user for behavior that violates our Community Guidelines.

Details: